<?xml version="1.0" encoding="UTF-8"?>
<marc:record xmlns:marc="http://www.loc.gov/MARC21/slim">
   <marc:leader>00000nam a2200000 a 4500</marc:leader>
   <marc:datafield ind1="1" ind2=" " tag="100">
      <marc:subfield code="a">Mda, Zakes</marc:subfield>
      <marc:subfield code="4">aut</marc:subfield>
      <marc:subfield code="e">Verfasser/-in</marc:subfield>
   </marc:datafield>
   <marc:datafield ind1="1" ind2=" " tag="100">
      <marc:subfield code="a">Mda, Zakes</marc:subfield>
   </marc:datafield>
   <marc:datafield ind1=" " ind2=" " tag="653">
      <marc:subfield code="a">Geschichte 1960-2000</marc:subfield>
   </marc:datafield>
   <marc:datafield ind1=" " ind2=" " tag="653">
      <marc:subfield code="a">Apartheid</marc:subfield>
   </marc:datafield>
   <marc:datafield ind1=" " ind2=" " tag="653">
      <marc:subfield code="a">Weibliche Schwarze</marc:subfield>
   </marc:datafield>
   <marc:datafield ind1=" " ind2=" " tag="653">
      <marc:subfield code="a">Widerstand</marc:subfield>
   </marc:datafield>
   <marc:datafield ind1=" " ind2=" " tag="653">
      <marc:subfield code="a">Softcover</marc:subfield>
   </marc:datafield>
   <marc:datafield ind1=" " ind2=" " tag="653">
      <marc:subfield code="a">Karte</marc:subfield>
   </marc:datafield>
   <marc:datafield ind1=" " ind2=" " tag="653">
      <marc:subfield code="a">Erzählungen</marc:subfield>
   </marc:datafield>
   <marc:datafield ind1=" " ind2=" " tag="653">
      <marc:subfield code="a">Fiktionale Darstellung</marc:subfield>
   </marc:datafield>
   <marc:datafield ind1=" " ind2=" " tag="653">
      <marc:subfield code="a">Belletristische Darstellung</marc:subfield>
   </marc:datafield>
   <marc:datafield ind1="0" ind2="0" tag="245">
      <marc:subfield code="a">Die Madonna von Excelsior</marc:subfield>
   </marc:datafield>
   <marc:datafield ind1="0" ind2="0" tag="245">
      <marc:subfield code="c">Zakes Mda. Aus dem Engl. von Peter Torberg</marc:subfield>
   </marc:datafield>
   <marc:datafield ind1=" " ind2="1" tag="264">
      <marc:subfield code="a">Zürich</marc:subfield>
      <marc:subfield code="b">Unionsverl.</marc:subfield>
      <marc:subfield code="c">2005</marc:subfield>
   </marc:datafield>
   <marc:datafield ind1="1" ind2=" " tag="520">
      <marc:subfield code="a">Angaben aus der Verlagsmeldung

Die Madonna von Excelsior The Madonna Of Excelsior / von Zakes Mda

Im Herzen der südafrikanischen Provinz Free State liegt das Burenstädtchen Excelsior. Strenge Rassentrennungsgesetze sichern die Vorherrschaft der weißen Minderheit. Kein Gesetz kann jedoch verhindern, dass einige Honoratioren die Lust am Verbotenen packt: Heimlich treffen sich der Bürgermeister, der Pfarrer, der Metzger, der Polizist mit jungen schwarzen Frauen in einer Scheune. Als die Frauen eine nach der anderen ein hellhäutiges Kind zur Welt bringen, fliegt die Sache auf und die verschlafene Kleinstadt gerät ins Scheinwerferlicht der Weltöffentlichkeit.
Ein Vierteljahrhundert später ist das Apartheidregime Vergangenheit. Der Autor Zakes Mda, vor kurzem aus dem Exil zurückgekehrt, macht sich in Excelsior auf die Suche nach den Beteiligten und ihren Geheimnissen. Im Zentrum stand damals die junge Schwarze Niki mit ihren beiden Kindern, eines von einem schwarzen Vater, das andere von einem Weißen. Mda erzählt ihre Geschichte – es ist gleichzeitig die Geschichte seines Landes.

»Mda ist ein großzügiger und intelligenter Erzähler, der die Leser mit schöner Sprache und sicherem Gespür für Humor verführt und dem es gleichzeitig gelingt, sie zu schockieren und zu verunsichern.«
The New York Times Book Review
</marc:subfield>
   </marc:datafield>
   <marc:datafield ind1=" " ind2=" " tag="020">
      <marc:subfield code="a">9783293003484</marc:subfield>
      <marc:subfield code="9">9783293003484</marc:subfield>
   </marc:datafield>
   <marc:datafield ind1=" " ind2=" " tag="020">
      <marc:subfield code="a">3293003486</marc:subfield>
      <marc:subfield code="9">3293003486</marc:subfield>
   </marc:datafield>
   <marc:datafield ind1=" " ind2=" " tag="041">
      <marc:subfield code="a">ger</marc:subfield>
   </marc:datafield>
   <marc:datafield ind1=" " ind2=" " tag="300">
      <marc:subfield code="a">315 S.</marc:subfield>
   </marc:datafield>
</marc:record>
